[Event "37th Reykjavik op"]
[Site "Reykjavik ISL"]
[Date "2024.03.18"]
[Round "6.39"]
[White "Botez, Andrea"]
[Black "Bisby, Daniel"]
[WhiteElo "1825"]
[BlackElo "2273"]
[Result "1/2-1/2"]
[EventDate "2024.03.15"]
[PlyCount "139"]

1. d4 { [%eval 0.15] [%clk 1:18:46] } 1... Nf6 { [%eval 0.16] [%clk 1:30:47] } 2. Nc3 { [%eval 0.0] [%clk 1:19:01] } 2... d5 { [%eval -0.03] [%clk 1:29:50] } 3. Bf4 { [%eval 0.0] [%clk 1:19:15] } 3... g6 { [%eval 0.0] [%clk 1:29:23] } 4. e3 { [%eval 0.0] [%clk 1:17:56] } 4... Bg7 { [%eval 0.25] [%clk 1:29:03] } 5. h4 { [%eval -0.24] [%clk 1:18:00] } 5... O-O?! { [%eval 0.5] } { Inaccuracy. h5 was best. } { [%clk 1:20:39] } (5... h5 6. Nf3 O-O 7. Qd2 c5 8. Ne5 Nc6 9. dxc5 Ne8 10. Nxc6) 6. h5 { [%eval 0.18] [%clk 1:06:41] } 6... c5 { [%eval 0.22] [%clk 1:18:19] } 7. hxg6 { [%eval 0.39] [%clk 1:04:37] } 7... hxg6 { [%eval 0.17] [%clk 1:15:37] } 8. dxc5 { [%eval -0.03] [%clk 1:01:05] } 8... Nc6 { [%eval -0.08] [%clk 1:13:11] } 9. Nf3 { [%eval -0.27] [%clk 1:00:53] } 9... Qa5 { [%eval -0.28] [%clk 1:11:04] } 10. Qd2 { [%eval -0.49] [%clk 1:00:27] } 10... Qxc5 { [%eval -0.35] [%clk 1:07:51] } 11. Na4 { [%eval -0.35] [%clk 0:32:54] } 11... Qb4 { [%eval -0.38] [%clk 1:06:27] } 12. Qxb4 { [%eval -0.41] [%clk 0:32:59] } 12... Nxb4 { [%eval -0.37] [%clk 1:06:50] } 13. Bd3 { [%eval -0.44] [%clk 0:30:47] } 13... Bf5 { [%eval 0.0] [%clk 1:00:09] } 14. Bxf5 { [%eval 0.0] [%clk 0:28:56] } 14... gxf5 { [%eval -0.05] [%clk 1:00:32] } 15. Nd4 { [%eval 0.0] [%clk 0:28:56] } 15... Rfc8 { [%eval 0.0] [%clk 0:47:29] } 16. Nxf5 { [%eval 0.0] [%clk 0:16:39] } 16... Nxc2+ { [%eval 0.0] [%clk 0:42:16] } 17. Ke2 { [%eval 0.0] [%clk 0:17:02] } 17... Nxa1 { [%eval 0.0] [%clk 0:42:34] } 18. Nxe7+ { [%eval 0.0] [%clk 0:17:21] } 18... Kf8 { [%eval 0.0] [%clk 0:42:56] } 19. Nxc8 { [%eval 0.0] [%clk 0:17:27] } 19... Rxc8 { [%eval 0.0] [%clk 0:42:15] } 20. Rxa1 { [%eval 0.0] [%clk 0:16:02] } 20... Ne4 { [%eval 0.02] [%clk 0:42:10] } 21. Nc3 { [%eval 0.0] [%clk 0:12:21] } 21... Bxc3 { [%eval -0.01] [%clk 0:40:46] } 22. bxc3 { [%eval -0.17] [%clk 0:12:44] } 22... Rxc3 { [%eval -0.15] [%clk 0:40:46] } 23. Rb1 { [%eval -0.25] [%clk 0:04:31] } 23... Rc2+ { [%eval -0.21] [%clk 0:38:32] } 24. Kd1 { [%eval -0.26] [%clk 0:01:51] } 24... Rxa2 { [%eval -0.26] [%clk 0:35:36] } 25. Bh6+ { [%eval -0.54] [%clk 0:00:59] } 25... Ke8 { [%eval -0.38] [%clk 0:33:29] } 26. Rxb7 { [%eval -0.32] [%clk 0:01:23] } 26... Nxf2+ { [%eval -0.43] [%clk 0:33:40] } 27. Ke1 { [%eval -0.64] [%clk 0:01:38] } 27... Ne4 { [%eval -0.77] [%clk 0:33:16] } 28. Kf1 { [%eval -0.95] [%clk 0:01:08] } 28... a5?! { [%eval -0.39] } { Inaccuracy. Ra1+ was best. } { [%clk 0:29:15] } (28... Ra1+) 29. Ra7?! { [%eval -1.42] } { Inaccuracy. Kg1 was best. } { [%clk 0:01:18] } (29. Kg1 Nd6 30. Ra7 Nc4 31. Bg5 a4 32. Bf6 Re2 33. Re7+ Kf8 34. Ra7 Kg8 35. Rxa4 Nxe3) 29... a4?! { [%eval -0.47] } { Inaccuracy. f6 was best. } { [%clk 0:26:41] } (29... f6 30. Bg7 Ra1+ 31. Ke2 a4 32. g4 Ra2+ 33. Kf1 Rf2+ 34. Kg1 Re2 35. Bh6 Ra2 36. Bg7) 30. Bg7 { [%eval -0.64] [%clk 0:01:27] } 30... f6 { [%eval -0.58] [%clk 0:24:58] } 31. Ra8+? { [%eval -2.09] } { Mistake. Kg1 was best. } { [%clk 0:01:07] } (31. Kg1) 31... Kf7 { [%eval -1.93] [%clk 0:25:08] } 32. Ra7+?! { [%eval -2.8] } { Inaccuracy. Bf8 was best. } { [%clk 0:01:00] } (32. Bf8 Nf2 33. Bc5 Ke6 34. Rxa4 Rxa4 35. Kxf2 Kf5 36. Kf3 Ra1 37. Bd4 Rh1 38. Ke2 Rh5) 32... Ke6? { [%eval -1.35] } { Mistake. Kg6 was best. } { [%clk 0:24:00] } (32... Kg6 33. Bf8 Kf5 34. Rg7 Nc3 35. Ra7 Nd1 36. Bc5 Nf2 37. Rd7 Ke4 38. Re7+ Kd3 39. Rd7) 33. g4 { [%eval -1.45] [%clk 0:00:52] } 33... Rf2+?! { [%eval -0.76] } { Inaccuracy. Kd6 was best. } { [%clk 0:10:40] } (33... Kd6) 34. Kg1?! { [%eval -1.34] } { Inaccuracy. Ke1 was best. } { [%clk 0:00:46] } (34. Ke1) 34... Rf3?! { [%eval -0.75] } { Inaccuracy. Ra2 was best. } { [%clk 0:10:22] } (34... Ra2 35. Bf8 f5 36. Re7+ Kf6 37. gxf5 Kxf5 38. Rd7 Nc3 39. Bg7 Ne2+ 40. Kg2 Kg4 41. Rf7) 35. Rxa4? { [%eval -2.13] } { Mistake. Bf8 was best. } { [%clk 0:00:47] } (35. Bf8 Rg3+ 36. Kh2 Rxg4 37. Rxa4 Nf2 38. Ra2 Nd3 39. Ra6+ Kf5 40. Ra5 Ke5 41. Ra8 Rg6) 35... Rxe3 { [%eval -2.24] [%clk 0:10:37] } 36. Ra6+ { [%eval -2.88] [%clk 0:00:53] } 36... Kf7 { [%eval -2.8] [%clk 0:08:47] } 37. Bh6 { [%eval -2.84] [%clk 0:00:48] } 37... Rg3+ { [%eval -2.67] [%clk 0:09:00] } 38. Kf1 { [%eval -2.66] [%clk 0:01:16] } 38... Rxg4 { [%eval -2.7] [%clk 0:08:59] } 39. Ke2 { [%eval -2.78] [%clk 0:01:15] } 39... Kg6?! { [%eval -1.91] } { Inaccuracy. Ng5 was best. } { [%clk 0:06:03] } (39... Ng5 40. Rb6 Rh4 41. Rb7+ Ke6 42. Bf8 Ke5 43. Bc5 Ne6 44. Ba7 Nd4+ 45. Kd2 Nc6 46. Bg1) 40. Be3 { [%eval -1.87] [%clk 0:01:23] } 40... Ng3+?! { [%eval -1.17] } { Inaccuracy. Kf5 was best. } { [%clk 0:02:29] } (40... Kf5 41. Bd4 Rg8 42. Kd3 Rd8 43. Ra1 Rd6 44. Rf1+ Kg6 45. Ra1 Ng5 46. Rf1 Ra6 47. Bb2) 41. Kd3 { [%eval -1.18] [%clk 0:01:14] } 41... Nf5 { [%eval -1.15] [%clk 0:02:12] } 42. Bf2 { [%eval -1.55] [%clk 0:25:12] } 42... Kf7?! { [%eval -0.87] } { Inaccuracy. Rc4 was best. } { [%clk 0:29:53] } (42... Rc4 43. Ra7 Rf4 44. Bc5 Rf3+ 45. Kd2 Rb3 46. Ra6 Kf7 47. Ra7+ Ke6 48. Ra6+ Ke5 49. Bb6) 43. Bc5? { [%eval -2.24] } { Mistake. Ra7+ was best. } { [%clk 0:21:40] } (43. Ra7+ Kg6 44. Rd7 d4 45. Rd8 Rf4 46. Bg1 Rf1 47. Bh2 Rf3+ 48. Ke2 Rb3 49. Bg1 Ng3+) 43... Rg3+ { [%eval -2.03] [%clk 0:28:56] } 44. Kd2 { [%eval -1.99] [%clk 0:21:07] } 44... Rh3 { [%eval -1.74] [%clk 0:28:35] } 45. Rb6 { [%eval -1.88] [%clk 0:18:50] } 45... Ng3 { [%eval -1.73] [%clk 0:27:49] } 46. Bd4 { [%eval -1.76] [%clk 0:15:08] } 46... Ne4+ { [%eval -1.69] [%clk 0:27:55] } 47. Ke2 { [%eval -1.62] [%clk 0:15:18] } 47... Ra3? { [%eval -0.43] } { Mistake. Rh8 was best. } { [%clk 0:24:47] } (47... Rh8) 48. Rc6? { [%eval -1.74] } { Mistake. Rb7+ was best. } { [%clk 0:14:14] } (48. Rb7+ Ke6) 48... Kg6 { [%eval -1.71] [%clk 0:22:51] } 49. Rb6 { [%eval -1.69] [%clk 0:12:46] } 49... Ra5?! { [%eval -1.08] } { Inaccuracy. Ra8 was best. } { [%clk 0:20:02] } (49... Ra8 50. Ke3 Rd8 51. Kd3 Kf5 52. Rb1 Rd6 53. Rf1+ Kg6 54. Rg1+ Ng5 55. Rf1 Re6 56. Ba1) 50. Kd3?! { [%eval -1.69] } { Inaccuracy. Bb2 was best. } { [%clk 0:09:43] } (50. Bb2 Ra2 51. Ke3 Ra4 52. Bd4 Ra3+ 53. Kf4 Ra8 54. Bb2 Rd8 55. Be5 Rd7 56. Ra6 Kf7) 50... Kf5 { [%eval -1.79] [%clk 0:18:18] } 51. Ke2 { [%eval -1.79] [%clk 0:09:49] } 51... Ra2+ { [%eval -1.79] [%clk 0:15:32] } 52. Ke3 { [%eval -1.69] [%clk 0:08:20] } 52... Ra3+ { [%eval -1.7] [%clk 0:14:30] } 53. Ke2 { [%eval -1.74] [%clk 0:08:43] } 53... Ra8 { [%eval -1.75] [%clk 0:14:09] } 54. Kd3 { [%eval -1.68] [%clk 0:06:17] } 54... Rd8 { [%eval -1.81] [%clk 0:08:53] } 55. Be3 { [%eval -2.29] [%clk 0:06:24] } 55... Rd6 { [%eval -2.12] [%clk 0:06:08] } 56. Rb1 { [%eval -2.17] [%clk 0:06:29] } 56... Ke6 { [%eval -2.17] [%clk 0:06:08] } 57. Bd4 { [%eval -2.04] [%clk 0:03:01] } 57... Ra6 { [%eval -2.01] [%clk 0:06:09] } 58. Ke3 { [%eval -2.0] [%clk 0:02:42] } 58... Nd6 { [%eval -1.81] [%clk 0:05:04] } 59. Bc5?! { [%eval -2.94] } { Inaccuracy. Re1 was best. } { [%clk 0:01:20] } (59. Re1 Ra3+) 59... Rc6 { [%eval -2.89] [%clk 0:05:02] } 60. Ba7 { [%eval -2.82] [%clk 0:01:04] } 60... Rc7 { [%eval -2.44] [%clk 0:03:26] } 61. Ra1 { [%eval -2.26] [%clk 0:01:12] } 61... Nf5+ { [%eval -2.26] [%clk 0:01:28] } 62. Kd3 { [%eval -2.25] [%clk 0:01:22] } 62... Rb7 { [%eval -1.67] [%clk 0:01:15] } 63. Ra6+ { [%eval -1.77] [%clk 0:01:29] } 63... Ke5 { [%eval -1.22] [%clk 0:01:11] } 64. Ra3? { [%eval -2.56] } { Mistake. Bb6 was best. } { [%clk 0:01:28] } (64. Bb6 Rd7) 64... Nd6?! { [%eval -1.55] } { Inaccuracy. Rb4 was best. } { [%clk 0:00:43] } (64... Rb4 65. Ra1 Nd6 66. Kc3 Rc4+ 67. Kd3 Ne4 68. Bb8+ Kf5 69. Rf1+ Ke6 70. Ke3 Nc5 71. Rf4) 65. Bd4+ { [%eval -1.48] [%clk 0:01:34] } 65... Ke6 { [%eval -1.17] [%clk 0:01:07] } 66. Ra6 { [%eval -1.27] [%clk 0:01:38] } 66... f5? { [%eval 0.0] } { Mistake. Rd7 was best. } { [%clk 0:00:53] } (66... Rd7 67. Bb2 Kf5 68. Kd4 Nc4 69. Bc3 Ne5 70. Ba1 Rd8 71. Bb2 Nc4 72. Bc3 Rd7 73. Ba1) 67. Bc5 { [%eval 0.0] [%clk 0:01:41] } 67... Rd7 { [%eval 0.0] [%clk 0:01:15] } 68. Ke3 { [%eval 0.0] [%clk 0:01:40] } 68... Rd8 { [%eval 0.0] [%clk 0:01:21] } 69. Kf4 { [%eval 0.0] [%clk 0:01:54] } 69... Rd7 { [%eval 0.0] [%clk 0:01:03] } 70. Ke3 { [%eval -0.05] [%clk 0:02:15] } 1/2-1/2

[Event "37th Reykjavik op"]
[Site "Reykjavik ISL"]
[Date "2024.03.18"]
[Round "6.40"]
[White "Kistrup, Nicolai"]
[Black "Saine, Zachary"]
[WhiteElo "2324"]
[BlackElo "2010"]
[Result "1-0"]
[EventDate "2024.03.15"]
[PlyCount "45"]

1. d4 { [%eval 0.15] [%clk 1:30:58] } 1... d5 { [%eval 0.25] [%clk 1:30:48] } 2. c4 { [%eval 0.26] [%clk 1:31:24] } 2... e6 { [%eval 0.28] [%clk 1:31:14] } 3. Nf3 { [%eval 0.11] [%clk 1:31:49] } 3... c6 { [%eval 0.36] [%clk 1:31:30] } 4. g3 { [%eval 0.14] [%clk 1:32:12] } 4... dxc4 { [%eval 0.06] [%clk 1:31:55] } 5. Bg2 { [%eval 0.05] [%clk 1:32:38] } 5... b5 { [%eval 0.0] [%clk 1:32:20] } 6. Ne5 { [%eval 0.18] [%clk 1:32:23] } 6... Bb7 { [%eval 0.0] [%clk 1:32:41] } 7. a4 { [%eval 0.0] [%clk 1:32:23] } 7... a6 { [%eval 0.13] [%clk 1:32:50] } 8. O-O { [%eval 0.3] [%clk 1:32:19] } 8... Nf6 { [%eval 0.11] [%clk 1:33:15] } 9. b3 { [%eval 0.03] [%clk 1:32:19] } 9... cxb3 { [%eval 0.01] [%clk 1:33:17] } 10. Qxb3 { [%eval 0.03] [%clk 1:32:41] } 10... Qc8?! { [%eval 1.03] } { Inaccuracy. Qxd4 was best. } { [%clk 1:32:23] } (10... Qxd4) 11. axb5?! { [%eval 0.15] } { Inaccuracy. Nd2 was best. } { [%clk 1:20:47] } (11. Nd2 Nbd7) 11... axb5?! { [%eval 0.87] } { Inaccuracy. cxb5 was best. } { [%clk 1:32:37] } (11... cxb5) 12. Rxa8 { [%eval 0.89] [%clk 1:21:06] } 12... Bxa8 { [%eval 0.8] [%clk 1:33:03] } 13. Qa2?! { [%eval 0.17] } { Inaccuracy. Nd3 was best. } { [%clk 1:21:21] } (13. Nd3 Nbd7) 13... Bb7 { [%eval 0.25] [%clk 1:33:29] } 14. Qa7 { [%eval 0.28] [%clk 1:21:30] } 14... Be7 { [%eval 0.31] [%clk 1:33:43] } 15. Nd2 { [%eval 0.16] [%clk 1:18:08] } 15... Nfd7 { [%eval 0.34] [%clk 1:31:12] } 16. Ba3 { [%eval 0.02] [%clk 1:07:30] } 16... Na6?? { [%eval 4.39] } { Blunder. Bxa3 was best. } { [%clk 1:01:53] } (16... Bxa3 17. Qxa3 c5 18. Bxb7 Qxb7 19. Nxd7 Nxd7 20. dxc5 O-O 21. Qb4 Ne5 22. Qe4 Qxe4 23. Nxe4) 17. Bxe7 { [%eval 4.37] [%clk 1:02:48] } 17... Kxe7 { [%eval 4.53] [%clk 1:02:19] } 18. Bxc6 { [%eval 4.25] [%clk 0:49:18] } 18... Bxc6 { [%eval 4.28] [%clk 0:54:56] } 19. Rc1 { [%eval 4.24] [%clk 0:49:16] } 19... Nb8 { [%eval 4.6] [%clk 0:44:04] } 20. Qa3+ { [%eval 4.57] [%clk 0:49:04] } 20... Kf6 { [%eval 5.48] [%clk 0:43:48] } 21. Rxc6 { [%eval 5.37] [%clk 0:48:34] } 21... Qxc6 { [%eval 5.46] [%clk 0:35:58] } 22. Nxc6 { [%eval 5.38] [%clk 0:48:44] } 22... Nxc6 { [%eval 5.34] [%clk 0:36:24] } 23. Qf3+ { [%eval 5.51] [%clk 0:48:42] } 1-0

[Event "37th Reykjavik op"]
[Site "Reykjavik ISL"]
[Date "2024.03.18"]
[Round "6.41"]
[White "Chasin, Nico"]
[Black "Dietzsch, Herbert"]
[WhiteElo "2447"]
[BlackElo "1998"]
[Result "1-0"]
[EventDate "2024.03.15"]
[PlyCount "59"]

1. e4 { [%eval 0.13] [%clk 1:23:46] } 1... c5 { [%eval 0.33] [%clk 1:30:52] } 2. Nf3 { [%eval 0.22] [%clk 1:24:04] } 2... Nc6 { [%eval 0.31] [%clk 1:31:14] } 3. Bb5 { [%eval 0.25] [%clk 1:24:24] } 3... Qb6 { [%eval 0.45] [%clk 1:31:39] } 4. Ba4 { [%eval 0.56] [%clk 1:23:30] } 4... e6 { [%eval 0.67] [%clk 1:30:25] } 5. O-O { [%eval 0.82] [%clk 1:23:52] } 5... d6 { [%eval 0.82] [%clk 1:27:51] } 6. d4 { [%eval 0.57] [%clk 1:23:01] } 6... cxd4 { [%eval 0.59] [%clk 1:28:10] } 7. Qxd4 { [%eval 0.36] [%clk 1:22:31] } 7... Qxd4 { [%eval 0.45] [%clk 1:17:31] } 8. Nxd4 { [%eval 0.27] [%clk 1:22:53] } 8... Bd7 { [%eval 0.22] [%clk 1:17:45] } 9. Nb5 { [%eval 0.3] [%clk 1:20:02] } 9... Rc8?! { [%eval 1.08] } { Inaccuracy. Nd4 was best. } { [%clk 1:16:20] } (9... Nd4) 10. Rd1 { [%eval 1.09] [%clk 1:18:55] } 10... Nb4 { [%eval 0.87] [%clk 1:00:13] } 11. N1c3 { [%eval 0.8] [%clk 1:13:43] } 11... a6 { [%eval 0.85] [%clk 0:57:47] } 12. Nxd6+ { [%eval 0.89] [%clk 1:14:03] } 12... Bxd6 { [%eval 0.99] [%clk 0:58:09] } 13. Bxd7+ { [%eval 0.67] [%clk 1:14:28] } 13... Kxd7 { [%eval 0.58] [%clk 0:58:32] } 14. e5 { [%eval 0.56] [%clk 1:14:27] } 14... Nxc2 { [%eval 0.3] [%clk 0:58:27] } 15. Rb1 { [%eval 0.54] [%clk 1:09:04] } 15... Rc4?! { [%eval 1.43] } { Inaccuracy. Ne7 was best. } { [%clk 0:36:53] } (15... Ne7) 16. Rxd6+ { [%eval 1.11] [%clk 1:08:50] } 16... Kc7 { [%eval 1.58] [%clk 0:36:59] } 17. Bg5 { [%eval 2.01] [%clk 1:08:29] } 17... f6 { [%eval 2.12] [%clk 0:36:34] } 18. Rc1? { [%eval 0.87] } { Mistake. Bd2 was best. } { [%clk 1:07:34] } (18. Bd2 Nd4 19. b3 fxe5 20. bxc4 Kxd6 21. Rxb7 Nf6 22. Rxg7 Nd7 23. Ne4+ Kc6 24. h3 a5) 18... Nd4?? { [%eval 3.51] } { Blunder. fxg5 was best. } { [%clk 0:34:43] } (18... fxg5) 19. Rxd4?! { [%eval 2.49] } { Inaccuracy. Bf4 was best. } { [%clk 1:06:03] } (19. Bf4 g5 20. Bg3 f5 21. Rxd4 Rxd4 22. Ne2+ Kd7 23. Nxd4 f4 24. Nb3 b6 25. Rd1+ Ke7) 19... Rxd4 { [%eval 2.37] [%clk 0:35:03] } 20. Nb5+ { [%eval 2.44] [%clk 1:06:26] } 20... Kd7 { [%eval 2.58] [%clk 0:33:10] } 21. Nxd4 { [%eval 2.57] [%clk 1:06:18] } 21... fxg5 { [%eval 2.41] [%clk 0:33:31] } 22. Nb3 { [%eval 2.41] [%clk 1:06:19] } 22... b6 { [%eval 2.21] [%clk 0:30:27] } 23. Rd1+ { [%eval 2.27] [%clk 1:06:08] } 23... Kc7?! { [%eval 3.63] } { Inaccuracy. Ke7 was best. } { [%clk 0:30:48] } (23... Ke7 24. Rd6 Nh6 25. Rxb6 Rd8 26. h3 Rd5 27. Rxa6 Rxe5 28. g4 Ng8 29. Nd4 Re1+ 30. Kg2) 24. Nd4 { [%eval 3.6] [%clk 1:06:34] } 24... Kd7 { [%eval 4.0] [%clk 0:29:36] } 25. Nf5+ { [%eval 3.9] [%clk 1:05:25] } 25... Ke8 { [%eval 3.97] [%clk 0:27:01] } 26. Nd6+ { [%eval 3.92] [%clk 1:05:53] } 26... Ke7 { [%eval 4.67] [%clk 0:25:13] } 27. Nc8+ { [%eval 3.75] [%clk 1:06:21] } 27... Kf7 { [%eval 4.69] [%clk 0:25:13] } 28. Rd7+ { [%eval 4.41] [%clk 1:06:47] } 28... Kg6 { [%eval 4.37] [%clk 0:25:25] } 29. Rd8 { [%eval 4.43] [%clk 1:07:13] } 29... Kf5 { [%eval 4.98] [%clk 0:23:10] } 30. Nd6+ { [%eval 4.89] [%clk 1:07:41] } 1-0